Cardiometabolic diseases : molecular basis, early detection of risks, and management /

Cardiometabolic Diseases: Molecular Basis, Early Detection of Risks, and Management provides detailed information on all aspects of metabolic dysfunctions and associated risks for cardiometabolic diseases, including a thoughtful discussion of cellular and molecular mechanisms involved in the progres...

Full description

Bibliographic Details
Corporate Author: ScienceDirect (Online service)
Other Authors: Rao, Gundu H. R., 1938- (Editor), Das, Undurti N. (Editor)
Format: eBook
Language:English
Published: London : Academic Press, [2025]
Subjects:
Online Access:Connect to the full text of this electronic book

MARC

Tag First Indicator Second Indicator Subfields
LEADER 00000cam a2200000 i 4500
001 in00005773913
005 20260327180531.1
006 m o d
007 cr cnu---unuuu
008 241016t20252025enka ob 001 0 eng d
040 |a OPELS  |b eng  |e rda  |e pn  |c OPELS  |d OCLCO  |d N$T  |d MMU  |d OCLCL  |d SFB 
020 |a 9780323954716  |q (electronic bk.) 
020 |a 0323954715  |q (electronic bk.) 
020 |z 9780323954693 
020 |z 0323954693 
035 |a (OCoLC)1461037814 
050 4 |a RC667 
060 4 |a WG 120 
082 0 4 |a 616.1  |2 23/eng/20241016 
049 |a TXAM 
245 0 0 |a Cardiometabolic diseases :  |b molecular basis, early detection of risks, and management /  |c edited by Gundu H.R. Rao, Undurti N. Das. 
264 1 |a London :  |b Academic Press,  |c [2025] 
264 4 |c ©2025 
300 |a 1 online resource :  |b color illustrations 
336 |a text  |b txt  |2 rdacontent 
337 |a computer  |b c  |2 rdamedia 
338 |a online resource  |b cr  |2 rdacarrier 
504 |a Included bibliographical references and index. 
520 |a Cardiometabolic Diseases: Molecular Basis, Early Detection of Risks, and Management provides detailed information on all aspects of metabolic dysfunctions and associated risks for cardiometabolic diseases, including a thoughtful discussion of cellular and molecular mechanisms involved in the progression of metabolic risks, approaches for the early detection, and robust management of metabolic risks. Written by a team of expert contributors, this book is useful reading for researchers and clinicians interested on recent advances in etiology of cardiometabolic diseases, the latest noninvasive approaches for diagnosis, risk assessment tools, therapeutic strategies, and also aspects of prevention of cardiometabolic diseases. 
588 0 |a Description based on online resource; title from digital title page (ScienceDirect, viewed March 12, 2025) 
505 8 |a Front Cover -- Cardiometabolic Diseases -- Cardiometabolic Diseases -- Copyright -- Dedication -- Contents -- Contributors -- Foreword -- Preface -- Acknowledgments -- I -Cardiometabolic diseases -- 1 -- Cardiometabolic diseases: Risk factors and novel approaches for the management of risks -- Introduction -- Cardiometabolic diseases -- Metabolic diseases: Metabolic risk factors -- Hypertension -- Excess weight and obesity -- Type-2 diabetes -- Vascular diseases -- Metabolic risk factors -- Oxidative stress -- Chronic inflammation -- Endothelial dysfunction -- Subclinical atherosclerosis -- Early diagnosis of risk factors -- Novel approaches for the management of risk factors -- Altered blood pressure -- Altered glucose metabolism -- Cardiometabolic risks -- Thrombotic risks 
650 0 |a Cardiovascular system  |x Diseases. 
650 0 |a Metabolism  |x Disorders. 
650 2 |a Cardiovascular Diseases 
650 2 |a Metabolic Diseases 
650 6 |a Appareil cardiovasculaire  |x Maladies. 
650 6 |a Troubles du métabolisme. 
655 7 |a Electronic books.  |2 local 
700 1 |a Rao, Gundu H. R.,  |d 1938-  |e editor.  |1 https://id.oclc.org/worldcat/entity/E39PCjGJbtFq4RCbYckFb7T8Yd  |1 https://isni.org/isni/0000000032946619 
700 1 |a Das, Undurti N.,  |e editor.  |1 https://id.oclc.org/worldcat/entity/E39PBJx8KcmXxcHCW3yw6Mh4MP  |1 https://isni.org/isni/0000000081321279 
710 2 |a ScienceDirect (Online service) 
776 0 8 |i Print version:  |t Cardiometabolic diseases.  |d Amsterdam : Academic Press, 2024  |z 9780323954693  |w (OCoLC)1457975508 
856 4 0 |u http://proxy.library.tamu.edu/login?url=https://www.sciencedirect.com/science/book/9780323954693  |z Connect to the full text of this electronic book  |t 0 
955 |a Elsevier ScienceDirect 2026-2027 
994 |a 92  |b TXA 
999 f f |i 07495d97-9d06-4d5e-9a27-bb031451ba99  |s fd68f273-4278-4bb0-9af3-82e777c8d544  |t 0 
952 f f |a Texas A&M University  |b College Station  |c Electronic Resources  |s www_evans  |d Available Online  |t 0  |e RC667   |h Library of Congress classification 
998 f f |a RC667   |t 0  |l Available Online